LEADER 05078nam 22005773u 450 001 9910785790103321 005 20230801224134.0 010 $a1-280-07946-0 010 $a1-134-33015-4 010 $a0-203-29987-6 010 $a0-203-68560-1 010 $a1-283-58499-9 010 $a9786613897442 010 $a1-134-33016-2 035 $a(CKB)2670000000238128 035 $a(EBL)200612 035 $a(OCoLC)252936857 035 $a(MiAaPQ)EBC200612 035 $a(EXLCZ)992670000000238128 100 $a20130418d2012|||| u|| | 101 0 $aeng 135 $aur|n|---||||| 200 10$aSport, Rules and Values$b[electronic resource] $ePhilosophical Investigations into the Nature of Sport 210 $aHoboken $cTaylor and Francis$d2012 215 $a1 online resource (213 p.) 225 1 $aEthics and Sport 300 $aDescription based upon print version of record. 311 $a0-415-32208-1 327 $aCover; Title; Copyright; Contents; Acknowledgements; Introduction: Sport, rules and values; Organization of the text; Some central ideas for this text; Hope for a philosophy of sport?; A view of philosophy?; The audience for this work; PART I Rules in explaining sport; 1 Definiteness and defining sport; The issues; Why define?; A definition (of sport) is neither possible nor desirable; Mistakenly thinking one has a definition; Rule-following and definition; The philosophical point (or lack of it) of definition; What is in common?; 2 Rule-following and formalism in sport 327 $aFormalism: explaining sport in terms of rules?Criticisms: the adequacy of formalism?; Some defence of formalism; Constitutive and regulative uses of rules; Some general considerations about rule-following; Some implications for formalism; An occasion-sensitive view of meaning and understanding; Rule-following and understanding; 3 Rule-following and rule-formulations; Formalism extended: the idea of more kinds of rules; Alternatives to formalism - the ethoi position; Two versions of ethos account; Ethos: a normative account; Rules and the purposes of sport; More fundamental criticisms 327 $aRules and rule-formulations4 Practices and normativity in sport; A view of practices; Ethos, practice and normativity; Customs and rules; Conclusion to Part I; PART II Rules in judging sport; 5 Aesthetic sports, publicity and judgement calls; Just about every call is a judgement call; Two kinds of sports?; What is subjectivity?; Two bad arguments for the subjectivity of judgements; Objectivity and options; Aesthetic sports: the importance of judgement; 6 Principles and the application of rules; The need to apply the rules (even for purposive sports); Some cases?; Principles and discretion 327 $aA parallel: the moral reading of the American Constitution?7 Spoiling, cheating and playing the game; Spoiling - 'legal' cheating; The spoiling example; The issue of generality; Finding the real rules?; Some other cases; Cheating and rule-following; What is wrong with cheating?; Why obey rules?; Conclusion to Part II: the moral imperative is intrinsic; PART III Rules in valuing sport; 8 The project of a moral laboratory; and particularism; Sport's moral dimension?; Explanations and qualifications; The argument; Investigation of the premises; Particularism and moral judgement 327 $aThinking about the moral laboratoryProblem: the moral nature of sport?; Outcomes; 9 The value of sport; Reasons for participation in sport; Normative and motivating reasons; Normative reasons, rules and sport; The persistence of value; The remaking of value-formulations; 10 Relativism, objectivity and truth; The denial of the coherence of relativism; The postmodern challenge: incredulity towards metanarratives; Understanding and the concrete; The postmodern challenge II: reason and science; One sporting world?; Conclusion: Sport, rules and philosophy; Notes; Bibliography; Index 330 $aSport, Rules and Values presents a philosophical perspective on issues concerning the character of sport. Discussion focuses on three broad uses commonly urged for rules: to define sport; to judge or assess sport performance; and to characterize the value of sport - especially if that value is regarded as moral value. In general, Sport, Rules and Values rejects a conception of the determinacy of rules as possible within sport (and a parallel picture of the determinacy assumed to be required by philosophy). Throughout, the presentation is rich in concrete cases from sport, inc 410 0$aEthics and Sport 606 $aSports - Moral and ethical aspects 606 $aSports - Philosophy 606 $aSports - Rules 615 4$aSports - Moral and ethical aspects. 615 4$aSports - Philosophy. 615 4$aSports - Rules. 676 $a796.01 676 $a796/.01 700 $aMcFee$b Graham$0887398 801 0$bAU-PeEL 801 1$bAU-PeEL 801 2$bAU-PeEL 906 $aBOOK 912 $a9910785790103321 996 $aSport, Rules and Values$93736862 997 $aUNINA LEADER 02885oam 2200661I 450 001 9910783899803321 005 20230828210649.0 010 $a1-134-26267-1 010 $a1-134-26268-X 010 $a1-280-29158-3 010 $a9786610291588 010 $a0-203-69892-4 024 7 $a10.4324/9780203698921 035 $a(CKB)1000000000248394 035 $a(EBL)254276 035 $a(OCoLC)271808803 035 $a(SSID)ssj0000119653 035 $a(PQKBManifestationID)11146387 035 $a(PQKBTitleCode)TC0000119653 035 $a(PQKBWorkID)10073959 035 $a(PQKB)11731966 035 $a(MiAaPQ)EBC254276 035 $a(Au-PeEL)EBL254276 035 $a(CaPaEBR)ebr10163594 035 $a(CaONFJC)MIL29158 035 $a(OCoLC)814321189 035 $a(OCoLC)63167714 035 $a(EXLCZ)991000000000248394 100 $a20180331d2006 uy 0 101 0 $aeng 135 $aur|n|---||||| 181 $ctxt 182 $cc 183 $acr 200 10$aChallenging hegemonic masculinity /$fRichard Howson 210 1$aLondon ;$aNew York :$cRoutledge,$d2006. 215 $a1 online resource (200 p.) 225 1 $aRoutledge advances in sociology ;$v18 300 $aDescription based upon print version of record. 311 $a0-415-65376-2 311 $a0-415-35231-2 320 $aIncludes bibliographical references (p. [177]-183) and index. 327 $aBook Cover; Title; Copyright; Contents; Acknowledgements; 1 Masculinity, hegemony and the new challenge; 2 Revolutionising the revolution; 3 'Ascendency in a play of social forces'; 4 The application of hegemony to gender; 5 Constructing a study of masculinities and family law; 6 A critico-historical analysis of masculinities and family law; 7 Radical pluralism; 8 Radical organic protest in gender; 9 Conclusion; Notes; Bibliography; Index 330 $aIn the past twenty years there has been a growing interest in the issues surrounding men and masculinity. Driven primarily by the second-wave feminist critique of the legitimacy or hegemony of masculine practice and culture, the hegemony of men in social spheres such as the family, law, and the workplace can no longer be taken for granted. Beginning with the work of Antonio Gramsci and a focus on developing the full complexity of his theory of hegemony, Howson's fascinating new book then moves on through theory, applications and analysis of various topical issues, discussing a 410 0$aRoutledge advances in sociology ;$v18. 606 $aMen 606 $aMasculinity 615 0$aMen. 615 0$aMasculinity. 676 $a305.31 700 $aHowson$b Richard$f1961,$01561533 801 0$bMiAaPQ 801 1$bMiAaPQ 801 2$bMiAaPQ 906 $aBOOK 912 $a9910783899803321 996 $aChallenging hegemonic masculinity$93828414 997 $aUNINA